<?xml version="1.0" encoding="UTF-8"?><?xml-stylesheet type="text/xsl" href="static/style.xsl"?><OAI-PMH xmlns="http://www.openarchives.org/OAI/2.0/" xmlns:xsi="http://www.w3.org/2001/XMLSchema-instance" xsi:schemaLocation="http://www.openarchives.org/OAI/2.0/ http://www.openarchives.org/OAI/2.0/OAI-PMH.xsd"><responseDate>2026-04-17T02:54:08Z</responseDate><request verb="GetRecord" identifier="oai:www.recercat.cat:2117/396022" metadataPrefix="marc">https://recercat.cat/oai/request</request><GetRecord><record><header><identifier>oai:recercat.cat:2117/396022</identifier><datestamp>2025-07-23T01:15:31Z</datestamp><setSpec>com_2072_1033</setSpec><setSpec>col_2072_452951</setSpec></header><metadata><record xmlns="http://www.loc.gov/MARC21/slim" xmlns:dcterms="http://purl.org/dc/terms/" xmlns:xsi="http://www.w3.org/2001/XMLSchema-instance" xmlns:doc="http://www.lyncode.com/xoai" xsi:schemaLocation="http://www.loc.gov/MARC21/slim http://www.loc.gov/standards/marcxml/schema/MARC21slim.xsd">
   <leader>00925njm 22002777a 4500</leader>
   <datafield ind2=" " ind1=" " tag="042">
      <subfield code="a">dc</subfield>
   </datafield>
   <datafield ind2=" " ind1=" " tag="720">
      <subfield code="a">Pang, Yijing</subfield>
      <subfield code="e">author</subfield>
   </datafield>
   <datafield ind2=" " ind1=" " tag="260">
      <subfield code="c">2023-06-23</subfield>
   </datafield>
   <datafield ind2=" " ind1=" " tag="520">
      <subfield code="a">Este resumen resume la investigación realizada sobre los potenciales de ahorro de energía para el modelo de trenes de cercanías en base a las discusiones mantenidas. El estudio tuvo como objetivo analizar e identificar estrategias para reducir el consumo de energía en el sistema ferroviario. La metodología de investigación involucró un análisis de varios factores que influyen en el uso de energía centrándose en los sistemas relacionados con la tracción. Los resultados del estudio destacan el importante papel de la optimización de las estrategias de conducción para minimizar el consumo de energía. A través de una cuidadosa selección de los perfiles de aceleración y desaceleración, se pueden lograr importantes ahorros de energía. Además, los ajustes de horarios se identificaron como un enfoque viable para reducir el consumo de energía sin comprometer significativamente el tiempo de viaje. Al considerar estrategias de horarios energéticamente eficientes, los sistemas ferroviarios pueden lograr reducciones notables en el uso de energía. Además, la investigación exploró los beneficios potenciales del apagado planificado del motor durante la conducción. La gestión estratégica de los grupos de motores durante esta fase puede conducir a una mayor eficiencia energética y contribuir al ahorro general de energía. Al optimizar el uso del motor y minimizar el consumo de energía innecesario, se pueden lograr reducciones significativas en el consumo de energía. La combinación de múltiples estrategias, como la optimización de las estrategias de conducción, el ajuste de los horarios y la implementación del apagado planificado de los motores, ofrece un enfoque integral para la optimización energética en los trenes de cercanías. La investigación enfatiza la importancia de considerar estas estrategias en combinación para lograr los mayores potenciales de ahorro de energía. Los resultados de esta investigación proporcionan información valiosa y recomendaciones para la industria ferroviaria. La incorporación de estrategias de conducción optimizadas en el software del tren, la implementación de prácticas de programación de horarios eficientes desde el punto de vista energético y el desarrollo de sistemas para el apagado planificado del motor pueden conducir a reducciones sustanciales en el consumo de energía. Estos hallazgos contribuyen al desarrollo de operaciones sostenibles y energéticamente eficientes en el sector de trenes de cercanías, lo que en última instancia beneficia tanto al medio ambiente como a los operadores ferroviarios</subfield>
   </datafield>
   <datafield ind2=" " ind1=" " tag="520">
      <subfield code="a">This abstract summarizes the research conducted on energy-saving potentials for commuter trains model based on the discussions held. The study aimed to analyze and identify strategies to reduce energy consumption in the railway system. The research methodology involved an analysis of various factors influencing energy usage focusing on traction-related systems. The findings of the study highlight the significant role of optimizing drive strategies in minimizing energy consumption. Through careful selection of acceleration and deceleration profiles, substantial energy savings can be achieved. Additionally, timetable adjustments were identified as a viable approach to reducing energy consumption without compromising travel time significantly. By considering energy-efficient timetabling strategies, rail systems can achieve notable reductions in energy usage. Furthermore, the research explored the potential benefits of planned motor switch- off during cruising. Strategic management of motor groups during this phase can lead to enhanced energy efficiency and contribute to overall energy savings. By optimizing motor usage and minimizing unnecessary power consumption, significant reductions in energy consumption can be attained. Combining multiple strategies, such as optimizing drive strategies, adjusting timetables, and implementing planned motor switch-off, offers a comprehensive approach to energy optimization in commuter trains. The research emphasizes the importance of considering these strategies in combination to achieve the greatest energy-saving potentials. The outcomes of this research provide valuable insights and recommendations for the railway industry. Incorporating optimized drive strategies into train software, implementing energy-efficient timetabling practices, and developing systems for planned motor switch-off can lead to substantial reductions in energy consumption. These findings contribute to the development of sustainable and energy-efficient operations in the commuter train sector, ultimately benefiting both the environment and railway operators</subfield>
   </datafield>
   <datafield tag="653" ind2=" " ind1=" ">
      <subfield code="a">Àrees temàtiques de la UPC::Enginyeria mecànica::Disseny i construcció de vehicles::Ferrocarrils</subfield>
   </datafield>
   <datafield tag="653" ind2=" " ind1=" ">
      <subfield code="a">Àrees temàtiques de la UPC::Enginyeria civil::Infraestructures i modelització dels transports::Infraestructures i transport ferroviari</subfield>
   </datafield>
   <datafield tag="653" ind2=" " ind1=" ">
      <subfield code="a">Railroads -- Sweden -- Energy conservation -- Computer simulation</subfield>
   </datafield>
   <datafield tag="653" ind2=" " ind1=" ">
      <subfield code="a">Railroad engineering -- Sweden -- Models matemàtics</subfield>
   </datafield>
   <datafield tag="653" ind2=" " ind1=" ">
      <subfield code="a">energy use</subfield>
   </datafield>
   <datafield tag="653" ind2=" " ind1=" ">
      <subfield code="a">commuter train</subfield>
   </datafield>
   <datafield tag="653" ind2=" " ind1=" ">
      <subfield code="a">drive strategy optimization</subfield>
   </datafield>
   <datafield tag="653" ind2=" " ind1=" ">
      <subfield code="a">passenger train operation</subfield>
   </datafield>
   <datafield tag="653" ind2=" " ind1=" ">
      <subfield code="a">traction power</subfield>
   </datafield>
   <datafield tag="653" ind2=" " ind1=" ">
      <subfield code="a">timetable adjustment</subfield>
   </datafield>
   <datafield tag="653" ind2=" " ind1=" ">
      <subfield code="a">train modelling</subfield>
   </datafield>
   <datafield tag="653" ind2=" " ind1=" ">
      <subfield code="a">Ferrocarrils -- Suècia -- Estalvi d'energia -- Simulació per ordinador</subfield>
   </datafield>
   <datafield tag="653" ind2=" " ind1=" ">
      <subfield code="a">Enginyeria de ferrocarrils -- Suècia -- Models matemàtics</subfield>
   </datafield>
   <datafield ind2="0" ind1="0" tag="245">
      <subfield code="a">Reduce traction-related energy consumption in commuter train X60</subfield>
   </datafield>
</record></metadata></record></GetRecord></OAI-PMH>